| 000 | 00683nam a2200181 a 4500 | ||
|---|---|---|---|
| 001 | 000042657 | ||
| 005 | 20201002040315.0 | ||
| 008 | 140204s1999 sp b 000 0 spa d | ||
| 020 | _a8472328473 | ||
| 040 |
_aDO-SdBNP _bspa _cBNPHU |
||
| 082 |
_axxxxxxx _bxxxxxxx |
||
| 100 | 1 |
_aLorca Corróns, Alejandro V. _969938 |
|
| 245 | 1 | 3 |
_aLa Banca Islámica sin Intereses : Elementos Básicos. / _cAlejandro V. Lorca Corróns, Olivia Orozco de la Torre ; prólogo M. Umer Chapra. |
| 260 |
_aMadrid, : _bAgencia española de cooperación internacional, _c1999. |
||
| 300 |
_a115 p. : _bmap. ; _c24 cm. |
||
| 700 | 1 |
_aOrozco Torre, Olivia de, _969939 |
|
| 700 | 1 |
_aChapa, M. Umer, _epról. _969940 |
|
| 999 |
_c42146 _d42146 |
||